000 00698 a2200205 4500
020 _a8121924421
_c490.00
035 _aB-210669
037 _bRP-L-210 / UBH-07-08:2 / RP-07-08:ENG
082 1 4 _a574.87
090 _c1836
_d1836
100 1 _aVerma, P.S.
245 1 _aCell biology, genetics, molecular biology, evolution and ecology
_cby P.S. Verma
260 _aNew Delhi
_bS. Chand
_c2007r
270 _a7631, Ram Nagar,
_bNew Delhi
_cDelhi
_e110055
300 _aVarious pagings
_bill
_c25 cm (pbk)
500 _ainclude index
500 _aThis is reprint 2007
942 _adpl
_cEN
_k574.87 / VER
999 _c1804
_d1804